[Event "29th Metz Open - B"]
[Site "Longeville-les-Metz"]
[Date "2011.05.07"]
[Round "8.1"]
[White "Malglaive, Jean-Louis"]
[Black "Van Rienen, Willy"]
[Result "1-0"]
[WhiteElo "1815"]
[BlackElo "1967"]
[PlyCount "78"]
[EventDate "2011.05.02"]
[Source "Roland WIMMER, Pierre BECKER (FA)"]
[SourceDate "2011.05.18"]

1. e4 c5 2. Nf3 d6 3. d4 cxd4 4. Nxd4 Nf6 5. Nc3 a6 6. Bg5 e6 7. f4 Be7 8. Qf3
Qa5 9. O-O-O Nbd7 10. Bc4 Qc7 11. Bxe6 fxe6 12. Nxe6 Qa5 13. Nxg7+ Kf7 14. Nf5
Bf8 15. Nxd6+ Kg8 16. e5 Bxd6 17. Rxd6 Ne8 18. Rd5 Qb6 19. Rhd1 Qc6 20. Ne4 h6
21. Bh4 Nb6 22. Rd6 Nxd6 23. Rxd6 Be6 24. Rxc6 bxc6 25. Nf6+ Kf7 26. Qxc6 Rab8
27. Ne4 Nd7 28. h3 Rb6 29. Qc7 Rb4 30. f5 Rd4 31. fxe6+ Kxe6 32. Bg3 Rf8 33.
Qc6+ Kf5 34. Nd6+ Kg5 35. b3 Nb8 36. Qc5 Rf1+ 37. Kb2 Rdd1 38. e6+ Kf6 39. Ne4+
Kg6 1-0

[Event "29th Metz Open - B"]
[Site "Longeville-les-Metz"]
[Date "2011.05.07"]
[Round "8.2"]
[White "Donchenko, Irina"]
[Black "Paturaux, Laurent"]
[Result "1-0"]
[WhiteElo "2058"]
[BlackElo "1799"]
[PlyCount "101"]
[EventDate "2011.05.02"]
[Source "Roland WIMMER, Pierre BECKER (FA)"]
[SourceDate "2011.05.18"]

1. d4 Nf6 2. Nf3 e6 3. g3 b6 4. Bg2 Bb7 5. O-O c5 6. c4 d6 7. Nc3 Ne4 8. Qc2
Nxc3 9. Qxc3 cxd4 10. Qxd4 Nc6 11. Qd2 Be7 12. Rd1 Qc7 13. b3 O-O 14. Ba3 Rfd8
15. Rac1 Rac8 16. Bb2 Qb8 17. Qf4 h6 18. g4 d5 19. Qxb8 Nxb8 20. Nd4 a6 21. e3
Bf6 22. Bc3 Rc7 23. Ne2 Be7 24. Be5 Rcc8 25. cxd5 exd5 26. Bc7 Rd7 27. Bxb6
Rxc1 28. Rxc1 Ba3 29. Rc7 Rxc7 30. Bxc7 Nd7 31. h3 Bb2 32. Kf1 Nc5 33. Ke1 Nd3+
34. Kf1 Nb4 35. a4 Nd3 36. Nf4 Nxf4 37. Bxf4 Kf8 38. Ke2 Ke7 39. Kd3 Bc1 40.
Be5 f6 41. Bc3 Ba3 42. Kd4 Kd6 43. b4 Bc6 44. Bf1 Bb7 45. a5 Bc8 46. f4 Bb7 47.
f5 Bc8 48. Be2 Bb7 49. Kd3 Bc8 50. Kc2 h5 51. Bd2 1-0

[Event "29th Metz Open - B"]
[Site "Longeville-les-Metz"]
[Date "2011.05.07"]
[Round "8.3"]
[White "Hartmann, Dominique"]
[Black "Vaillant, Stephane"]
[Result "1/2-1/2"]
[WhiteElo "1983"]
[BlackElo "1998"]
[PlyCount "69"]
[EventDate "2011.05.02"]
[Source "Roland WIMMER, Pierre BECKER (FA)"]
[SourceDate "2011.05.18"]

1. c4 e6 2. Nf3 Nf6 3. g3 d5 4. b3 Be7 5. Bb2 O-O 6. Bg2 c5 7. O-O b6 8. cxd5
Nxd5 9. d4 Bb7 10. Nc3 Nxc3 11. Bxc3 Nd7 12. Qd2 Bf6 13. b4 cxb4 14. Bxb4 Be7
15. Rfc1 Nf6 16. Bxe7 Qxe7 17. Ne5 Bxg2 18. Kxg2 Qb7+ 19. f3 Rfc8 20. g4 Rxc1
21. Rxc1 Rc8 22. e4 h6 23. h4 Nd7 24. Nd3 Nf6 25. Rxc8+ Qxc8 26. g5 hxg5 27.
hxg5 Nd7 28. Nf2 Qc4 29. Ng4 b5 30. Ne3 Qc7 31. d5 Qd6 32. Qa5 Qb6 33. Qd2 Qd6
34. Qa5 Qb6 35. Qd2 1/2-1/2

[Event "29th Metz Open - B"]
[Site "Longeville-les-Metz"]
[Date "2011.05.07"]
[Round "8.4"]
[White "Hector, Pierre"]
[Black "Lukas, Hubertus"]
[Result "1-0"]
[WhiteElo "1890"]
[BlackElo "1810"]
[PlyCount "119"]
[EventDate "2011.05.02"]
[Source "Roland WIMMER, Pierre BECKER (FA)"]
[SourceDate "2011.05.18"]

1. d4 Nf6 2. c4 e5 3. dxe5 Ne4 4. Nf3 Nc6 5. Nbd2 Bb4 6. a3 Bxd2+ 7. Bxd2 O-O
8. Bf4 Nc5 9. e3 a5 10. b3 Ne7 11. Bd3 Ra6 12. O-O h6 13. Bc2 g5 14. Bg3 Ng6
15. Qd4 Ne6 16. Qd3 c5 17. Nd2 Kg7 18. Ne4 Rh8 19. Nd6 Ne7 20. Qe4 h5 21. Qf3
Rxd6 22. Qf6+ Kg8 23. exd6 Nc6 24. Qxd8+ Nexd8 25. h4 f6 26. Rad1 b6 27. Rd5
Nf7 28. Bf5 Kf8 29. f4 g4 30. Bg6 Ba6 31. Bxh5 a4 32. Rc1 axb3 33. Bxg4 Rg8 34.
Bxd7 Na5 35. Be1 Nxc4 36. Rd3 Nce5 37. fxe5 Bxd3 38. Bc3 fxe5 39. Be6 Be4 40.
g4 Bf3 41. g5 e4 42. Bxb3 Rg6 43. Bxf7 Kxf7 44. Be5 Ke6 45. Bf4 Rg8 46. Rb1 Ra8
47. Rxb6 Rxa3 48. Rb7 Rd3 49. g6 Rd1+ 50. Kf2 Rd2+ 51. Kg3 Rg2+ 52. Kh3 Rxg6
53. Re7+ Kd5 54. d7 Bg4+ 55. Kh2 Bxd7 56. Rxd7+ Kc4 57. h5 Rg8 58. h6 Kb3 59.
h7 Rc8 60. Be5 1-0

[Event "29th Metz Open - B"]
[Site "Longeville-les-Metz"]
[Date "2011.05.07"]
[Round "8.5"]
[White "Azorit, Louis"]
[Black "Mitrovic, Slobodan"]
[Result "1/2-1/2"]
[WhiteElo "2013"]
[BlackElo "1915"]
[PlyCount "114"]
[EventDate "2011.05.02"]
[Source "Roland WIMMER, Pierre BECKER (FA)"]
[SourceDate "2011.05.18"]

1. d4 Nf6 2. c4 e6 3. Nc3 d5 4. Bg5 Be7 5. cxd5 exd5 6. e3 c6 7. Bd3 Ne4 8. Bf4
Nxc3 9. bxc3 Bd6 10. Bg3 Be7 11. Ne2 O-O 12. h4 Bd6 13. Qc2 h6 14. Bh7+ Kh8 15.
Bd3 Bxg3 16. Nxg3 Nd7 17. Nh5 Nf6 18. Nf4 Re8 19. Bf5 Bxf5 20. Qxf5 Qc8 21.
Qxc8 Raxc8 22. Rb1 b5 23. O-O Ne4 24. Rfc1 Nd2 25. Rb2 Nc4 26. Re2 Rb8 27. Nd3
a5 28. Rce1 f5 29. f4 Re7 30. Ne5 Nxe5 31. fxe5 h5 32. a3 a4 33. Rf1 g6 34. Kf2
Kg7 35. Kf3 Re6 36. Rb2 Rc8 37. Kf4 Kh6 38. Rf3 Rf8 39. Rb4 Rd8 40. Kg3 Kg7 41.
Kf2 Rd7 42. Ke2 Ree7 43. Rg3 Re6 44. Rg5 Kh6 45. Rb1 Rc7 46. Kd3 Rd7 47. Rg3
Rd8 48. Rf3 Rd7 49. g3 Kg7 50. Kd2 Rd8 51. Rf2 Rd7 52. Rbf1 Kh6 53. Ke2 Kg7 54.
Kf3 Rd8 55. Kf4 Kh6 56. Rd1 Rde8 57. Rb2 R8e7 1/2-1/2

[Event "29th Metz Open - B"]
[Site "Longeville-les-Metz"]
[Date "2011.05.07"]
[Round "8.6"]
[White "Blanchard, Alain"]
[Black "Steininger, Denis"]
[Result "1-0"]
[WhiteElo "1792"]
[BlackElo "1978"]
[PlyCount "73"]
[EventDate "2011.05.02"]
[Source "Roland WIMMER, Pierre BECKER (FA)"]
[SourceDate "2011.05.18"]

1. d4 Nf6 2. c4 d6 3. Nc3 Bf5 4. Nf3 h6 5. Qb3 Qc8 6. g3 c6 7. Bg2 Nbd7 8. O-O
e5 9. Re1 Be7 10. Qd1 g5 11. b3 Qc7 12. Bb2 c5 13. e3 a6 14. dxe5 dxe5 15. Nd5
Nxd5 16. Qxd5 f6 17. Nd2 O-O-O 18. Qf3 Bg6 19. Bc3 f5 20. Qd5 Bf6 21. Ba5 b6
22. Bc3 Rhe8 23. b4 cxb4 24. Bxb4 e4 25. Rab1 Nb8 26. Qa8 a5 27. c5 axb4 28.
cxb6 Qb7 29. Rbc1+ Bc3 30. Qa5 Rd3 31. Qxb4 Nc6 32. Rxc3 Rxc3 33. Qxc3 Qxb6 34.
Rc1 Re6 35. Nxe4 fxe4 36. Bh3 Bf7 37. Qxc6+ 1-0

[Event "29th Metz Open - B"]
[Site "Longeville-les-Metz"]
[Date "2011.05.07"]
[Round "8.7"]
[White "Muller, Etienne"]
[Black "Poss, Guillaume"]
[Result "1-0"]
[WhiteElo "1717"]
[BlackElo "1859"]
[PlyCount "65"]
[EventDate "2011.05.02"]
[Source "Roland WIMMER, Pierre BECKER (FA)"]
[SourceDate "2011.05.18"]

1. c4 Nf6 2. g3 g6 3. Bg2 Bg7 4. Nc3 O-O 5. Nf3 d6 6. d4 Nc6 7. O-O e5 8. d5
Ne7 9. e4 h6 10. Ne1 Ne8 11. Nd3 f5 12. b4 a5 13. Qb3 axb4 14. Qxb4 g5 15. c5
f4 16. Ba3 Ng6 17. Rfc1 h5 18. Nb5 Rf6 19. Rc2 Bf8 20. Qb3 g4 21. cxd6 Bxd6 22.
Nxd6 cxd6 23. gxf4 Nxf4 24. Nxf4 Rxf4 25. Bc1 Rf7 26. Be3 h4 27. Bb6 Qd7 28.
Rac1 Rb8 29. Rc3 Rf8 30. Bf1 Qf7 31. Rxc8 Rxc8 32. Rxc8 Qxf2+ 33. Bxf2 1-0

[Event "29th Metz Open - B"]
[Site "Longeville-les-Metz"]
[Date "2011.05.07"]
[Round "8.8"]
[White "Hehn, Aymeric"]
[Black "Frantz, Nicolas"]
[Result "1-0"]
[WhiteElo "1853"]
[BlackElo "1742"]
[PlyCount "63"]
[EventDate "2011.05.02"]
[Source "Roland WIMMER, Pierre BECKER (FA)"]
[SourceDate "2011.05.18"]

1. d4 Nf6 2. c4 c5 3. d5 b5 4. cxb5 a6 5. Nc3 axb5 6. e4 b4 7. Nb5 d6 8. Bf4 g5
9. Bxg5 Nxe4 10. Bf4 Ra6 11. Bc4 Bg7 12. Qe2 Nf6 13. Nf3 Bg4 14. h3 Bxf3 15.
Qxf3 O-O 16. O-O Nbd7 17. Rfd1 Ra8 18. a4 Nb6 19. b3 Nxc4 20. bxc4 Nd7 21. Ra2
Nb6 22. Qb3 Ra5 23. Re1 Qd7 24. Qg3 Kh8 25. Rae2 Bf6 26. Bg5 Be5 27. Bf4 f6 28.
Qh4 Rxa4 29. Bh6 Rf7 30. f4 Nxc4 31. fxe5 dxe5 32. Qxc4 1-0

[Event "29th Metz Open - B"]
[Site "Longeville-les-Metz"]
[Date "2011.05.07"]
[Round "8.9"]
[White "Schoumert, Robert"]
[Black "Hirschmann, Georges"]
[Result "0-1"]
[WhiteElo "1769"]
[BlackElo "1811"]
[PlyCount "144"]
[EventDate "2011.05.02"]
[Source "Roland WIMMER, Pierre BECKER (FA)"]
[SourceDate "2011.05.18"]

1. e4 c5 2. c3 d5 3. exd5 Qxd5 4. d4 Nf6 5. Nf3 Bg4 6. Be2 e6 7. Be3 cxd4 8.
cxd4 Bb4+ 9. Kf1 O-O 10. a3 Ba5 11. b4 Bb6 12. Nc3 Qd7 13. h3 Bh5 14. g4 Bg6
15. Ne5 Qd6 16. Nxg6 hxg6 17. Bf3 Nc6 18. Rg1 Rfd8 19. g5 Nh7 20. Ne4 Qe7 21.
Nc5 a5 22. Nxb7 Qxb7 23. b5 Qe7 24. Bxc6 Rac8 25. h4 Bxd4 26. Bxd4 e5 27. Rg4
Qe6 28. Re4 Qh3+ 29. Ke2 exd4 30. Rxd4 Rxd4 31. Qxd4 Nf8 32. Qe4 Ne6 33. a4 Qh2
34. Rh1 Qd6 35. Rd1 Nf4+ 36. Ke1 Qb8 37. Rd2 Ne6 38. Qf3 Qe5+ 39. Kf1 Nf4 40.
Rd1 Ne6 41. Re1 Qd4 42. Qe4 Qc3 43. Re3 Qa1+ 44. Kg2 Rd8 45. Kg3 Rd1 46. Rd3
Rxd3+ 47. Qxd3 Qe5+ 48. Kg4 Qf4+ 49. Kh3 Qxf2 50. Qf3 Qd4 51. Qe4 Qd2 52. Kg4
Qd1+ 53. Kg3 Qg1+ 54. Qg2 Qe3+ 55. Qf3 Qe1+ 56. Kg4 Qb4+ 57. Qe4 Qd6 58. Bd5
Nc7 59. Bxf7+ Kxf7 60. Qf4+ Qxf4+ 61. Kxf4 Nd5+ 62. Ke5 Nb6 63. Kd6 Nxa4 64.
Kd7 Nb6+ 65. Kc6 a4 66. Kxb6 a3 67. Kc7 a2 68. b6 a1=Q 69. b7 Qc3+ 70. Kd7 Qd4+
71. Kc6 Qd8 72. Kb5 Qb8 0-1

[Event "29th Metz Open - B"]
[Site "Longeville-les-Metz"]
[Date "2011.05.07"]
[Round "8.10"]
[White "Micottis, Dorian"]
[Black "N'Guyen, Emilien"]
[Result "1/2-1/2"]
[WhiteElo "1783"]
[BlackElo "1781"]
[PlyCount "104"]
[EventDate "2011.05.02"]
[Source "Roland WIMMER, Pierre BECKER (FA)"]
[SourceDate "2011.05.18"]

1. d4 d5 2. Bf4 Nc6 3. e3 f6 4. Nf3 Bg4 5. Be2 Bxf3 6. Bxf3 e5 7. dxe5 fxe5 8.
Bg3 Nf6 9. Bh4 e4 10. Be2 Bb4+ 11. c3 Be7 12. Nd2 Ne5 13. Bg3 Bd6 14. Nb3 O-O
15. O-O Nf7 16. Bxd6 Qxd6 17. c4 c6 18. cxd5 cxd5 19. Rc1 Rac8 20. Nd4 Ne5 21.
h3 a6 22. a4 Nfd7 23. Rxc8 Rxc8 24. Nf5 Qe6 25. Qxd5 Qxd5 26. Ne7+ Kf7 27. Nxd5
Rc2 28. Bh5+ g6 29. Bd1 Rxb2 30. f3 exf3 31. gxf3 Nd3 32. f4 Nf6 33. Nc3 b5 34.
axb5 axb5 35. Be2 Nd5 36. Nxd5 Rxe2 37. Rb1 Ke6 38. Rxb5 Rd2 39. e4 Nf2 40.
Rb6+ Kf7 41. Rb7+ Kf8 42. Rxh7 Nxe4 43. Ne3 Nf6 44. Ra7 Rd4 45. f5 gxf5 46.
Nxf5 Rd7 47. Ra6 Kf7 48. Kg2 Rd3 49. Nh6+ Kg7 50. Ng4 Nxg4 51. hxg4 Rc3 52. Kf2
Kf7 1/2-1/2

[Event "29th Metz Open - B"]
[Site "Longeville-les-Metz"]
[Date "2011.05.08"]
[Round "9.1"]
[White "Hector, Pierre"]
[Black "Malglaive, Jean-Louis"]
[Result "1-0"]
[WhiteElo "1890"]
[BlackElo "1815"]
[PlyCount "61"]
[EventDate "2011.05.02"]
[Source "Roland WIMMER, Pierre BECKER (FA)"]
[SourceDate "2011.05.18"]

1. d4 Nf6 2. c4 c5 3. d5 e6 4. Nc3 exd5 5. cxd5 d6 6. e4 g6 7. f4 Bg7 8. Nf3
O-O 9. Be2 Bg4 10. O-O Na6 11. Be3 Qe7 12. e5 Nd7 13. Qd2 Rae8 14. Rae1 dxe5
15. d6 Qd8 16. fxe5 Bxf3 17. Bxf3 Nxe5 18. Be2 Nd7 19. Nd5 Re6 20. Ne7+ Kh8 21.
Bc4 Rxe3 22. Rxe3 Bd4 23. Kh1 Bxe3 24. Qxe3 Kg7 25. Qc3+ f6 26. Re1 Nab8 27.
Nf5+ Kh8 28. Re7 h5 29. Qe3 g5 30. Qe2 g4 31. Qe3 1-0

[Event "29th Metz Open - B"]
[Site "Longeville-les-Metz"]
[Date "2011.05.08"]
[Round "9.2"]
[White "Vaillant, Stephane"]
[Black "Donchenko, Irina"]
[Result "1/2-1/2"]
[WhiteElo "1998"]
[BlackElo "2058"]
[PlyCount "38"]
[EventDate "2011.05.02"]
[Source "Roland WIMMER, Pierre BECKER (FA)"]
[SourceDate "2011.05.18"]

1. d4 d5 2. Nf3 Nf6 3. c4 dxc4 4. e3 e6 5. Bxc4 c5 6. O-O a6 7. dxc5 Qxd1 8.
Rxd1 Bxc5 9. b3 Ke7 10. Ba3 Bxa3 11. Nxa3 b5 12. Be2 Bb7 13. Rac1 Rc8 14. Rxc8
Bxc8 15. Rc1 Nbd7 16. Nb1 Bb7 17. Kf1 h6 18. Nbd2 Rc8 19. Rxc8 Bxc8 1/2-1/2

[Event "29th Metz Open - B"]
[Site "Longeville-les-Metz"]
[Date "2011.05.08"]
[Round "9.3"]
[White "Paturaux, Laurent"]
[Black "Hartmann, Dominique"]
[Result "1/2-1/2"]
[WhiteElo "1799"]
[BlackElo "1983"]
[PlyCount "125"]
[EventDate "2011.05.02"]
[Source "Roland WIMMER, Pierre BECKER (FA)"]
[SourceDate "2011.05.18"]

1. d4 Nf6 2. Nf3 c5 3. c4 cxd4 4. Nxd4 e5 5. Nb5 d5 6. cxd5 Bc5 7. e3 O-O 8.
Be2 e4 9. N5c3 Bf5 10. Qa4 Qe7 11. b4 Bxb4 12. Ba3 Bxa3 13. Nxa3 Nbd7 14. Nab5
Rfd8 15. Qd4 Qc5 16. Rd1 Rac8 17. Qxc5 Rxc5 18. Nd6 Bg6 19. Nxb7 Rdc8 20. Nxc5
Rxc5 21. Nb5 a6 22. Nd4 Ra5 23. O-O Rxa2 24. Ra1 Rxa1 25. Rxa1 Nxd5 26. Rxa6 h6
27. Rd6 N7f6 28. Bc4 Ne7 29. Nc6 Nxc6 30. Rxc6 Kf8 31. Rc8+ Ne8 32. Bb5 f6 33.
Bc6 Ke7 34. Bxe8 Bxe8 35. h4 g5 36. hxg5 hxg5 37. Rc4 Bg6 38. Rd4 Ke6 39. g3
Ke5 40. Kf1 Bh5 41. Ra4 Bf3 42. Ra5+ Ke6 43. Ke1 Kf7 44. Kd2 Kg6 45. Ra6 Kf5
46. Rb6 Ke5 47. Kc3 Be2 48. Rb2 Bf1 49. Ra2 Kf5 50. Ra5+ Kg4 51. Kd4 Bg2 52.
Ra6 f5 53. Rf6 Bh3 54. Rh6 Bg2 55. Ke5 Kf3 56. Rf6 Kxf2 57. Rxf5+ Kxe3 58. Rxg5
Kd2 59. Rh5 Bf3 60. Rh2+ Ke3 61. Kd5 Kd3 62. Rf2 Bd1 63. Rd2+ 1/2-1/2

[Event "29th Metz Open - B"]
[Site "Longeville-les-Metz"]
[Date "2011.05.08"]
[Round "9.4"]
[White "Van Rienen, Willy"]
[Black "Muller, Etienne"]
[Result "0-1"]
[WhiteElo "1967"]
[BlackElo "1717"]
[PlyCount "58"]
[EventDate "2011.05.02"]
[Source "Roland WIMMER, Pierre BECKER (FA)"]
[SourceDate "2011.05.18"]

1. e4 c5 2. Nf3 e6 3. d4 cxd4 4. Nxd4 a6 5. Nc3 Qc7 6. Bd3 Nc6 7. Nxc6 bxc6 8.
O-O d5 9. exd5 cxd5 10. Re1 Bb7 11. f4 Bc5+ 12. Kh1 Ne7 13. f5 e5 14. Qg4 Rg8
15. Bg5 f6 16. Qh5+ Kd7 17. Bh4 g6 18. fxg6 hxg6 19. Qd1 Rgf8 20. Be2 Rac8 21.
Rf1 g5 22. Bf2 d4 23. Nb1 Rh8 24. Kg1 e4 25. g3 e3 26. Be1 Rxh2 27. Bf3 e2 28.
Bxe2 Rh1+ 29. Kf2 d3# 0-1

[Event "29th Metz Open - B"]
[Site "Longeville-les-Metz"]
[Date "2011.05.08"]
[Round "9.5"]
[White "Mitrovic, Slobodan"]
[Black "Blanchard, Alain"]
[Result "0-1"]
[WhiteElo "1915"]
[BlackElo "1792"]
[PlyCount "80"]
[EventDate "2011.05.02"]
[Source "Roland WIMMER, Pierre BECKER (FA)"]
[SourceDate "2011.05.18"]

1. e4 e5 2. Nf3 Nc6 3. Bc4 Bc5 4. b4 Bxb4 5. c3 Bc5 6. O-O d6 7. d4 exd4 8.
cxd4 Bb6 9. a4 Nf6 10. Bb5 a6 11. Bxc6+ bxc6 12. Qc2 Bd7 13. e5 Nd5 14. exd6
cxd6 15. Re1+ Ne7 16. Ba3 Be6 17. Nc3 h6 18. Ne4 Bc7 19. Nc3 O-O 20. Qd3 Qd7
21. Nd2 Rfe8 22. g3 a5 23. Rac1 Nd5 24. Nce4 Nb4 25. Qf1 Bb6 26. Nc4 Bc7 27.
Ne3 Bb3 28. Nc3 Bb6 29. d5 Bxe3 30. fxe3 c5 31. e4 Bxa4 32. Bb2 Rab8 33. Qc4
Bb5 34. Nxb5 Qxb5 35. Qc3 f6 36. Rcd1 Na2 37. Qa3 Qxb2 38. Qxa5 Nc3 39. Rd3
Rxe4 40. Rf1 Re2 0-1

[Event "29th Metz Open - B"]
[Site "Longeville-les-Metz"]
[Date "2011.05.08"]
[Round "9.6"]
[White "Hirschmann, Georges"]
[Black "Azorit, Louis"]
[Result "1/2-1/2"]
[WhiteElo "1811"]
[BlackElo "2013"]
[PlyCount "87"]
[EventDate "2011.05.02"]
[Source "Roland WIMMER, Pierre BECKER (FA)"]
[SourceDate "2011.05.18"]

1. Nf3 Nf6 2. d4 e6 3. c4 Bb4+ 4. Bd2 Bxd2+ 5. Qxd2 b6 6. g3 Bb7 7. Bg2 c6 8.
Nc3 O-O 9. Rc1 d6 10. O-O Nbd7 11. e4 Rc8 12. Rfe1 Ne8 13. b3 h6 14. Nh4 c5 15.
d5 g5 16. Nf3 e5 17. Nd1 Rc7 18. Ne3 Ng7 19. Qd3 Bc8 20. Bh3 Nf6 21. Bxc8 Qxc8
22. Kg2 Re7 23. Rh1 Ng4 24. Nxg4 Qxg4 25. h3 Qd7 26. Nh2 f5 27. f3 Ref7 28.
Rcf1 Nh5 29. Qd1 fxe4 30. fxe4 Nf6 31. Qe2 a6 32. Ng4 Nxg4 33. hxg4 Rxf1 34.
Rxf1 Rxf1 35. Kxf1 Kg7 36. Qf3 b5 37. Qf5 Qxf5+ 38. gxf5 bxc4 39. bxc4 g4 40.
Kf2 Kf6 41. Kg2 Kg5 42. Kh2 h5 43. Kg2 a5 44. a4 1/2-1/2

[Event "29th Metz Open - B"]
[Site "Longeville-les-Metz"]
[Date "2011.05.08"]
[Round "9.7"]
[White "Lukas, Hubertus"]
[Black "Hehn, Aymeric"]
[Result "0-1"]
[WhiteElo "1810"]
[BlackElo "1853"]
[PlyCount "120"]
[EventDate "2011.05.02"]
[Source "Roland WIMMER, Pierre BECKER (FA)"]
[SourceDate "2011.05.18"]

1. Nc3 e6 2. b3 Nf6 3. Bb2 d5 4. e3 c5 5. Bb5+ Bd7 6. Bxd7+ Nbxd7 7. Nce2 Rc8
8. Nf3 Bd6 9. O-O Qc7 10. Ng3 O-O 11. Ng5 h6 12. Nh3 Be5 13. Bxe5 Nxe5 14. f4
Nc6 15. Nh5 Nxh5 16. Qxh5 f6 17. Rf2 Qf7 18. Qe2 a6 19. Kh1 Qe7 20. c3 Rcd8 21.
Re1 Rfe8 22. Rf3 d4 23. Rg3 dxc3 24. dxc3 Qf7 25. Qc4 Rd5 26. e4 b5 27. Qe2 Rd7
28. Nf2 Red8 29. Qf3 e5 30. f5 Kf8 31. Qe3 Qe7 32. h3 b4 33. Rc1 Rc7 34. Qe2 a5
35. Ng4 Qd6 36. Ne3 Qd2 37. Qxd2 Rxd2 38. Nd5 Rc8 39. cxb4 Nxb4 40. Nb6 Rc6 41.
Na4 Nd3 42. Rc4 Nf2+ 43. Kg1 Nd3 44. Rc3 Nf4 45. Kh2 Ne2 46. Rcd3 Nxg3 47. Rxg3
Rxa2 48. Rd3 Rxa4 49. bxa4 c4 50. Rc3 Ke7 51. g4 Kd6 52. Kg3 Kc5 53. Kf3 Kb4
54. Rc1 c3 55. Ke3 Kxa4 56. Kd3 c2 57. h4 Kb3 58. g5 Kb2 59. gxf6 gxf6 60. Rg1
c1=Q 0-1

[Event "29th Metz Open - B"]
[Site "Longeville-les-Metz"]
[Date "2011.05.08"]
[Round "9.9"]
[White "N'Guyen, Emilien"]
[Black "Farnoud, Esmaeel"]
[Result "0-1"]
[WhiteElo "1781"]
[BlackElo "1920"]
[PlyCount "47"]
[EventDate "2011.05.02"]
[Source "Roland WIMMER, Pierre BECKER (FA)"]
[SourceDate "2011.05.18"]

1. d4 d5 2. c4 c6 3. Nc3 f5 4. g3 e6 5. Bg2 Nf6 6. Nf3 Bd6 7. O-O O-O 8. Qc2
Nbd7 9. a3 a5 10. Be3 dxc4 11. Nd2 Nb6 12. Nd1 f4 13. gxf4 Nfd5 14. Nxc4 Nxc4
15. Qxc4 Nxf4 16. Bxf4 Rxf4 17. Qd3 Rxd4 18. Qc3 Qh4 19. h3 Qf4 20. Re1 Qh2+
21. Kf1 e5 22. e4 Be6 23. Re3 Bc4+ 24. Rd3 0-1

[Event "29th Metz Open - B"]
[Site "Longeville-les-Metz"]
[Date "2011.05.08"]
[Round "9.10"]
[White "Santamarianova, Fabrice"]
[Black "Lupoglazoff, Maxime"]
[Result "1-0"]
[WhiteElo "1885"]
[BlackElo "1549"]
[PlyCount "43"]
[EventDate "2011.05.02"]
[Source "Roland WIMMER, Pierre BECKER (FA)"]
[SourceDate "2011.05.18"]

1. c4 Nf6 2. Nc3 e6 3. g3 Bb4 4. Qc2 Nc6 5. Nf3 b6 6. Bg2 Bb7 7. a3 Bxc3 8.
Qxc3 O-O 9. d3 d5 10. cxd5 Nxd5 11. Qc2 Nf6 12. O-O Re8 13. e3 e5 14. b4 e4 15.
dxe4 Nxe4 16. Bb2 Qe7 17. Rac1 a6 18. Rfd1 Rad8 19. Rxd8 Rxd8 20. Nh4 Re8 21.
Nf5 Qe6 22. Nxg7 1-0